Sefer zikaron. (Record no. 31851)

MARC details
000 -LEADER
fixed length control field 00811cam a22002531a 4500
001 - CONTROL NUMBER
control field he 66001265
003 - CONTROL NUMBER IDENTIFIER
control field DLC
005 - DATE AND TIME OF LATEST TRANSACTION
control field 20260227111440.0
008 - FIXED-LENGTH DATA ELEMENTS--GENERAL INFORMATION
fixed length control field 820630s1888 gw 000 0 heb
010 ## - LIBRARY OF CONGRESS CONTROL NUMBER
LC control number he 66001265
035 ## - SYSTEM CONTROL NUMBER
System control number (OCoLC)8564996
040 ## - CATALOGING SOURCE
Original cataloging agency DLC
Transcribing agency NNHuC
Modifying agency DLC
042 ## - AUTHENTICATION CODE
Authentication code premarc
050 00 - LIBRARY OF CONGRESS CALL NUMBER
Classification number PJ4556
Item number .K55
100 1# - MAIN ENTRY--PERSONAL NAME
Personal name Kimḥi, Joseph,
Dates associated with a name 1105?-1170?
245 10 - TITLE STATEMENT
Title Sefer zikaron.
260 ## - PUBLICATION, DISTRIBUTION, ETC.
Place of publication, distribution, etc. Berlin,
Date of publication, distribution, etc. 1888.
300 ## - PHYSICAL DESCRIPTION
Extent xvi, 75, 8, 16 p. ;
Dimensions 23 cm.
500 ## - GENERAL NOTE
General note Added t.p.: Sepher sikkaron : Grammatik der hebräischen Sprache zum ersten Male / hrsg. von Wilhelm Bacher.
500 ## - GENERAL NOTE
General note Notes by Jacob Reifmann on the author's Sefer ha-galui: 16 p. at end.
650 #0 - SUBJECT ADDED ENTRY--TOPICAL TERM
Topical term or geographic name entry element Hebrew language
General subdivision Grammar.
740 0# - ADDED ENTRY--UNCONTROLLED RELATED/ANALYTICAL TITLE
Uncontrolled related/analytical title Sepher sikkaron.
700 1# - ADDED ENTRY--PERSONAL NAME
Personal name Bacher, Wilhelm,
Dates associated with a name 1850-1913,
Relator term ed.

No items available.

Powered by Koha